000 00308nam a22001337a 4500
008 181016b xxu||||| |||| 00| 0 eng d
020 _a072161261-X
041 _aeng
080 _a615
100 _a5
101 _aFAR
245 _aBlue Book of Pharmacologic Therapeutics
_cJohnson,G.E
942 _2udc
_cBK
999 _c49923
_d49923